| 000 | 00375nam a2200133Ia 4500 | ||
|---|---|---|---|
| 008 | 160209s9999 xx 000 0 und d | ||
| 100 | _aSittiprapaporn, W. | ||
| 245 | _aLearning disabilities / | ||
| 245 | _cW. Sittiprapaporn, | ||
| 260 | _bInTech. | ||
| 260 | _c2012 | ||
| 650 | _xLearning disabilities. | ||
| 856 | _uhttp://www.intechopen.com/books/learning-disabilities | ||
| 999 |
_c290499 _d290499 |
||